UBT Library

Intensive Coronary Care (Record no. 53863)

000 -LEADER
fixed length control field 00334nam a22001457a 4500
008 - FIXED-LENGTH DATA ELEMENTS--GENERAL INFORMATION
fixed length control field 190129b xxu||||| |||| 00| 0 eng d
020 ## - INTERNATIONAL STANDARD BOOK NUMBER
International Standard Book Number 0893032476
041 ## - LANGUAGE CODE
Language code of text/sound track or separate title eng
080 ## - UNIVERSAL DECIMAL CLASSIFICATION NUMBER
Universal Decimal Classification number 610.73
082 ## - DEWEY DECIMAL CLASSIFICATION NUMBER
Edition number 4 th
Classification number 610.73
100 ## - Rafti
Rafti 1-2
101 ## - Shkurtesa
Shkurtesa INF
245 ## - TITLE STATEMENT
Title Intensive Coronary Care
Statement of responsibility, etc Meltzer E.Lawrence
942 ## - ADDED ENTRY ELEMENTS (KOHA)
Source of classification or shelving scheme
Item type Books

No items available.

UBT Library © 2015-2024. All rights reserved University Education for Business and Technology